| 000 | 00654nam a2200217 a 4500 | ||
|---|---|---|---|
| 005 | 200902210153555.7 | ||
| 008 | 960221s1955 dcuabcdjdbkoqu001 0deng d | ||
| 080 |
_a57.087.1 _bPAG |
||
| 100 |
_aPagano, Marcello _921249 |
||
| 245 | _aPrinciples of biostatistics | ||
| 300 | _axvi,525p. | ||
| 653 |
_aBiometry _aBiostatistics |
||
| 700 |
_aGauvreau, Kimberlee _921248 |
||
| 942 | _cBK | ||
| 260 |
_aU.K. _bDuxbury _c2000 _921250 |
||
| 500 | _a | ||
| 250 | _a2nd ed | ||
| 020 | _a0-534-22902-6 | ||
| 003 | ViArRB | ||
| 952 |
_w2010-06-16 _p00047734 _r2013-01-14 _40 _00 _bUL _m2 _10 _o57.087.1 PAG _d2010-06-16 _70 _2udc _yBK _s2012-12-16 _l5 _aUL |
||
| 999 |
_c43124 _d43123 |
||